000 00552nam a2200205Ia 4500
005 20250508150538.0
008 008 250505s9999 xx 000 0 eng d
037 _aTextual
040 _aFEDL
_beng
_cFEDL
041 _aeng
_2eng
084 _a599, WEN
_qFEDL
100 _aWender Leo
_9756974
245 0 _aAnimal encyclopaedia : Mammals
260 _aLondon, UK
_bGeorge Allen and Unwin Ltd
_c1948
300 _a266p
365 _aINR
_b9.6
650 _aMammals
_9756975
942 _cTEXL
_h599, WEN
999 _c1324177
_d1324177